General Topology (Record no. 2088)

MARC details
000 -LEADER
fixed length control field 01078pam a2200313 i 4500
001 - CONTROL NUMBER
control field 1271582
003 - CONTROL NUMBER IDENTIFIER
control field OSt
005 - DATE AND TIME OF LATEST TRANSACTION
control field 20220919151243.0
008 - FIXED-LENGTH DATA ELEMENTS--GENERAL INFORMATION
fixed length control field 750430r1975 nyu b 001 0 eng
010 ## - LIBRARY OF CONGRESS CONTROL NUMBER
LC control number 75014364
020 ## - INTERNATIONAL STANDARD BOOK NUMBER
International Standard Book Number 0387901256
040 ## - CATALOGING SOURCE
Original cataloging agency DLC
Transcribing agency DLC
Modifying agency DLC
050 00 - LIBRARY OF CONGRESS CALL NUMBER
Item number .K4 1975
082 00 - DEWEY DECIMAL CLASSIFICATION NUMBER
Classification number 514.3 KEL 1995
100 1# - MAIN ENTRY--PERSONAL NAME
Personal name Kelley, John L.
9 (RLIN) 5413
245 10 - TITLE STATEMENT
Title General Topology
260 ## - PUBLICATION, DISTRIBUTION, ETC. (IMPRINT)
Place of publication, distribution, etc. New York :
Name of publisher, distributor, etc. Springer-Verlag,
Date of publication, distribution, etc. 1995.
300 ## - PHYSICAL DESCRIPTION
Extent xiv, 298 p. ;
Dimensions 24 cm.
440 #0 - SERIES STATEMENT/ADDED ENTRY--TITLE
Title Graduate texts in mathematics ;
Volume/sequential designation 27
9 (RLIN) 5414
500 ## - GENERAL NOTE
General note Reprint of the ed. published by Van Nostrand, New York in The University series in higher mathematics.
500 ## - GENERAL NOTE
General note Includes index.
504 ## - BIBLIOGRAPHY, ETC. NOTE
Bibliography, etc Bibliography: p. 282-291.
650 #0 - SUBJECT ADDED ENTRY--TOPICAL TERM
Topical term or geographic name as entry element Topology.
9 (RLIN) 5415
650 #0 - SUBJECT ADDED ENTRY--TOPICAL TERM
Topical term or geographic name as entry element Mathematics
9 (RLIN) 810
856 42 - ELECTRONIC LOCATION AND ACCESS
Materials specified Publisher description
Uniform Resource Identifier http://www.loc.gov/catdir/enhancements/fy0814/75014364-d.html
856 41 - ELECTRONIC LOCATION AND ACCESS
Materials specified Table of contents only
Uniform Resource Identifier http://www.loc.gov/catdir/enhancements/fy0814/75014364-t.html
906 ## - LOCAL DATA ELEMENT F, LDF (RLIN)
a 7
b cbc
c orignew
d 1
e ocip
f 19
g y-gencatlg
942 ## - ADDED ENTRY ELEMENTS (KOHA)
Source of classification or shelving scheme Dewey Decimal Classification
Koha item type Short Loan
Holdings
Withdrawn status Lost status Source of classification or shelving scheme Damaged status Not for loan Home library Current library Date acquired Source of acquisition Inventory number Total Checkouts Full call number Barcode Date last seen Koha item type Price effective from
    Dewey Decimal Classification     MUST Main Library MUST Main Library 17/06/2015 Purchase 04/22742   514.3 KEL 1995 2015-1940 17/06/2015 Short Loan  
    Dewey Decimal Classification     MUST Main Library MUST Main Library 24/02/2020 Purchase 05/24450   514.3 KEL 1995 2020-0547 24/02/2020 Open Shelf  
    Dewey Decimal Classification     MUST Main Library MUST Main Library 19/09/2022 Purchase 05/24730   514.3 KEL 1995 2022-7998 19/09/2022 Open Shelf  
    Dewey Decimal Classification     MUST Main Library MUST Main Library 14/06/2024 Purchase 2004/22741   514.3 KEL 1995 2024-20448 14/06/2024 Open Shelf 14/06/2024
    Dewey Decimal Classification     MUST Main Library MUST Main Library 14/06/2024 Purchase 2005/24729   514.3 KEL 1995 2024-20449 14/06/2024 Open Shelf 14/06/2024